000 00232 a2200097 4500
001 19044
100 _aAzzo, J J
245 _aFeedback Control System Analysis and Synthesis
260 _a
_bMcGraw-Hill
_c1966
090 _c14115
_d14115
942 _aNUST-CAE
_cM
_c4576
999 _c254117
_d254117